Varázslatos tankoncert

Bibliographic Details
Main Author: Molnár, Ilona (Author)
Format: Article
Language:Hungarian
PhysicalDescription:Fotogr.
ISSN:1335-7050
Subjects:

MARC

LEADER 00000nab a2200000 a 4500
001 vtls010574597
003 SK-MaSNL
005 20260318132558.0
008 140206c20140206xo d| | 000 0|2hun
015 |a SNBRB2014/02 
038 |a DSZK 
040 |a DSZK  |b slo  |c DSZK  |e AACR2 
041 0 |a hun 
044 |a xo  |c SK 
080 |a 78:061  |x (=511.141)  |x (437.6)  |2 2001 
080 |a 78.091  |x (437.612)  |2 2001 
100 1 |a Molnár, Ilona  |4 aut  |9 758563 
245 1 0 |a Varázslatos tankoncert  |c Molnár Ilona 
300 |b Fotogr. 
610 2 7 |a Spevácky zbor maďarských učiteľov na Slovensku Vass Lajos  |2 dszk  |9 232176 
648 7 |a 2014  |2 dszk  |9 334827 
650 0 7 |a výchovné koncerty  |2 dszk  |9 1087613 
651 7 |a Dunajská Streda (Slovensko)  |2 SNKPHgeo  |9 17375 
773 0 |t Új szó  |g Évf. 67, sz. 30 (2014.2.6), o. 19  |x 1335-7050 
852 |a DSZK  |b KIS3GCP 
958 |a HU 
958 |a SK 
999 |c 2136277  |d 2138207